000 00712nam a2200217Ia 4500
001 9079
003 GE_BSU
008 181216s||||||||xx |||||||||||||| ||und||
040 _cGE_BSU
080 _a821.353.1-1+821.353.1-32
100 _aლელაშვილი,მიხეილ
245 _aლექსები და პოემები
245 _cრედ:გ.შახნაზარი;მხატვ:ზ.ფორჩხიძე
260 _aთბილისი.
260 _bსაბჭ.საქართველო
260 _c1972.
300 _a206გვ; 20სმ
300 _b6ფ.ილ
653 _aლექსები და პოემები
942 _cBK
999 _c42383
_d42383